Man And Nation: (Record no. 188164)

MARC details
000 -LEADER
fixed length control field 00601nam a22001817a 4500
005 - DATE AND TIME OF LATEST TRANSACTION
control field 20220511151509.0
010 ## - LCCN (DPL NO)
LC control number ENG-132594
020 ## - INTERNATIONAL STANDARD BOOK NUMBER
International Standard Book Number 9789384566098
Terms of availability 300.00
035 ## - SYSTEM CONTROL NUMBER
System control number EN-116126
037 ## - SOURCE OF ACQUISITION
Source of stock number/acquisition DBAD/PUB
082 ## - DEWEY DECIMAL CLASSIFICATION NUMBER
Classification number 921
100 ## - MAIN ENTRY--PERSONAL NAME
Personal name Kothari, Namrata
245 ## - TITLE STATEMENT
Title Man And Nation:
Remainder of title Monograph Series No.3/
Statement of responsibility, etc Namrata Kothari
260 ## - PUBLICATION, DISTRIBUTION, ETC. (IMPRINT)
Name of publisher, distributor, etc Secretary Institute Of Social And Cultural Studies
Date of publication, distribution, etc 2018
Place of publication, distribution, etc Kolkata
270 ## - ADDRESS
Address 484/2, Dr. Suresh Sarkar Road
City Kolkata
Postal code 700014
Telephone number 033-65339003
Electronic mail address iccskol@gmail.com
300 ## - PHYSICAL DESCRIPTION
Extent 194p
Dimensions 20cm(pbk)
Other physical details Index
942 ## - ADDED ENTRY ELEMENTS (KOHA)
Source of classification or shelving scheme Dewey Decimal Classification
Item type English Books
Call number suffix KOT
Classification part 921
Holdings
Withdrawn status Lost status Not for loan Collection code Home library Current library Date acquired Source of acquisition Cost, normal purchase price Full call number Barcode Copy number Cost, replacement price Koha item type
    Not For Loan Non-fiction D.B.Act.Division Mobile Library 11/05/2022 DBAD/PUB 300.00 921 KOT EN-116126 1 300.00 English Books

© Delhi Public Library
Hit Counter
free hit counter